• 首页
  • 本馆介绍
  • 公告通知
  • 最新文献
  • 馆藏检索
  • 电子资源
  • 读者导购
  • 参考咨询
  • 我的图书馆
  • 登录
  • 详细信息显示
  • 放入我的书架
  • 预约/预借图书
  • 作者相关作品
  • 分类相关作品
  • 丛书相关作品
  • 出版社相关作品

书目信息

  • 表格格式
  • 工作单格式
  • 卡片格式
题名:
赞比亚
    
 
作者: 霍尔 著 ;史毅祖 译
分册: 下册  
出版信息: 北京   商务印书馆  1973
页数: 320页
开本: 20cm
丛书名:
单 册:
中图分类: K473
科图分类:
主题词: 南非--历史
电子资源:
ISBN:
000 00599nam0 2200217 450
001 0639023890
005 20060811170003.92
010    @dCNY2.10
100    @a20060725d1973 km y0chiy0120 ea
101 0  @achi
102    @aCN@b110000
102    @aCN@b110000
200 1  @a赞比亚@Azan bi ya@h下册@f(英)理查德·霍尔著@F(ying)li cha de·huo er zhu@g史毅祖译@Gshi yi zu yi
210    @a北京@c商务印书馆@d1973
215    @a320页@d20cm
606 0  @a南非@x历史
690    @aK473@v3
701  0 @a霍尔@Ahuo er@4著
702  0 @a史毅祖@Ashi yi zu@4译
801  0 @aCN@bPFT@c20060811
905    @a10447@dK473@e7:2
    
    赞比亚.下册/(英)理查德·霍尔著/史毅祖译.-北京:商务印书馆,1973
    320页;20cm
    
    
    ISBN :CNY2.10
    
●
相关链接 在E读中查询图书 在五车中查询图书 在当当中查询图书 在豆瓣中查询图书


正题名:赞比亚     索取号:K473/7:2         预约/预借

序号 登录号 条形码 馆藏地/架位号 状态 备注
1 0455636   204556364   密集书库/ [索取号:K473/7:2] 在馆    
唐山师范学院图书馆 欢迎您!
大连网信软件有限公司© 版权所有